000 00462nam a2200157 4500
020 _a9788126531264
082 _a620.001511313 ROS
100 _aRoss, Timothy J.
245 _aFuzzy logic with engineering applications
250 _a3rd ed.
260 _aNew Delhi, India
_bJohn Wiley
_c2010
300 _axxi, 585 p.
_bill. ;
500 _aIncludes bibliographical references and index.
650 _a1. Engineering mathematics. 2. Fuzzy logic.
942 _cBK
999 _c12354
_d12354